[Event "ChessOrg Schachfestival 2025"]
[White "Schaefer, Lutz"]
[Black "Pirrot, Dieter"]
[Site "Bad Woerishofen Senioren-Open"]
[Round "1.1"]
[Annotator "wempe"]
[Result "0-1"]
[Date "2025.03.21"]
[WhiteElo "1900"]
[BlackElo "2311"]
[PlyCount "54"]
[GameId "2170262343536707"]
[EventDate "2025.03.21"]

1. c3 f5 2. Qc2 e6 3. d4 Nf6 4. h4 b6 5. Bf4 Bb7 6. Nf3 c5 7. e3 Nc6 8. Nbd2 Rc8 9. dxc5 Bxc5 10. a3 O-O 11. Bd3 Ng4 12. Nc4 d5 13. Nce5 Ngxe5 14. Nxe5 d4 15. Nxc6 Bxc6 16. exd4 Bxd4 17. O-O-O Qe8 18. Ba6 Be4 19. Qe2 Bxc3 20. Bc4 Bf6 21. Kd2 b5 22. Bb3 Bxb2 23. Bd6 Bc3+ 24. Ke3 Bd5 25. Bxd5 exd5+ 26. Kd3 Qc6 27. Qe6+ Kh8 0-1

[Event "ChessOrg Schachfestival 2025"]
[White "Kristensen, Leif"]
[Black "Murray, Jim G."]
[Site "Bad Woerishofen Senioren-Open"]
[Round "1.2"]
[Annotator "wempe"]
[Result "1-0"]
[Date "2025.03.21"]
[WhiteElo "2310"]
[BlackElo "1899"]
[PlyCount "53"]
[GameId "2170262481539171"]
[EventDate "2025.03.21"]

1. c4 Nf6 2. Nc3 g6 3. g3 Bg7 4. Bg2 O-O 5. e4 d6 6. Nge2 e5 7. O-O Nc6 8. d3 Be6 9. Nd5 Ne8 10. Be3 a6 11. Rc1 f5 12. Qd2 Kh8 13. b4 Qd7 14. a4 Nd8 15. Nec3 Qf7 16. f4 c6 17. Nb6 Rb8 18. c5 dxc5 19. bxc5 Rg8 20. fxe5 Bxe5 21. d4 Bc7 22. d5 Bxb6 23. cxb6 cxd5 24. exd5 Bd7 25. Bd4+ Ng7 26. Ne4 Rf8 27. Qh6 1-0

[Event "ChessOrg Schachfestival 2025"]
[White "Berchtold, Guenter"]
[Black "Rodgaard, John"]
[Site "Bad Woerishofen Senioren-Open"]
[Round "1.3"]
[Annotator "wempe"]
[Result "0-1"]
[Date "2025.03.21"]
[WhiteElo "1895"]
[BlackElo "2257"]
[PlyCount "86"]
[GameId "2170539602710562"]
[EventDate "2025.03.21"]

1. d4 d5 2. Nf3 Nf6 3. e3 e6 4. Bd3 c5 5. c3 Nc6 6. Nbd2 Qc7 7. Qe2 cxd4 8. exd4 g6 9. Ne5 Nxe5 10. dxe5 Nd7 11. Nf3 Bg7 12. Bf4 g5 13. Bxg5 Nxe5 14. Nxe5 Qxe5 15. Bb5+ Kf8 16. Qxe5 Bxe5 17. g3 h6 18. Be3 Ke7 19. Rd1 a6 20. Bc5+ Bd6 21. Bxd6+ Kxd6 22. Be2 b5 23. O-O Bd7 24. c4 bxc4 25. Bxc4 Bb5 26. Bxb5 axb5 27. a3 Rhc8 28. Rc1 d4 29. Rfd1 Kd5 30. f3 Rc4 31. Kf2 Rac8 32. Rxc4 bxc4 33. Rc1 Rb8 34. Rc2 e5 35. g4 d3 36. Rd2 Kd4 37. h4 f6 38. a4 Ra8 39. Rd1 Rxa4 40. g5 fxg5 41. hxg5 hxg5 42. Rg1 Ra2 43. Rg4+ Kd5 0-1

[Event "ChessOrg Schachfestival 2025"]
[White "Baum, Bernd"]
[Black "Kamm, Guenter"]
[Site "Bad Woerishofen Senioren-Open"]
[Round "1.4"]
[Result "1-0"]
[Date "2025.03.21"]
[WhiteElo "2234"]
[BlackElo "1894"]
[PlyCount "49"]
[GameId "2170609346932818"]
[EventDate "2025.03.21"]

{[%evp 0,49,19,29,53,4,10,2,5,20,24,-23,-20,-16,0,-6,2,-1,7,-5,9,11,9,9,25,22,22,19,42,25,22,28,41,35,39,28,32,17,31,55,56,37,133,102,122,128,359,268,294,292,292,292]} 1. Nf3 c5 2. g3 Nc6 3. c4 Nf6 4. Bg2 g6 5. b3 Bg7 6. Bb2 O-O 7. O-O d5 8. cxd5 Nxd5 9. Bxg7 Kxg7 10. d4 cxd4 11. Nxd4 Ndb4 12. Nxc6 Nxc6 13. Qc1 e5 14. Rd1 Nd4 15. Nc3 Qc7 16. Rd2 Be6 17. e3 Nf5 18. Qb2 Rad8 19. Rc2 Rc8 20. Rac1 Rfd8 21. Ne4 Qb8 22. Nc5 Qd6 23. Bxb7 Rb8 24. Bf3 Bc8 25. Ne4 1-0

[Event "ChessOrg Schachfestival 2025"]
[White "Hilbenz, Guntram"]
[Black "Okrajek, Alexander"]
[Site "Bad Woerishofen Senioren-Open"]
[Round "1.5"]
[Annotator "wempe"]
[Result "1-0"]
[Date "2025.03.21"]
[WhiteElo "1893"]
[BlackElo "2197"]
[PlyCount "109"]
[GameId "2170629328207973"]
[EventDate "2025.03.21"]

1. c4 Nf6 2. Nf3 e6 3. g3 b6 4. Bg2 Bb7 5. Nc3 Bb4 6. a3 Bxc3 7. bxc3 O-O 8. O-O d6 9. d3 Nbd7 10. a4 a5 11. Nd4 Bxg2 12. Kxg2 Nc5 13. Nb3 Nfd7 14. Be3 h6 15. Nxc5 Nxc5 16. Bxc5 dxc5 17. Qc2 e5 18. f4 Re8 19. fxe5 Rxe5 20. e4 Qd7 21. Rf3 f5 22. Rxf5 Rxf5 23. exf5 Qxf5 24. Rf1 Qg6 25. Rf3 Re8 26. Qd1 Qc6 27. Kf2 Re6 28. h4 Rf6 29. h5 Re6 30. Re3 Rxe3 31. Kxe3 Qe6+ 32. Kd2 Qf6 33. g4 Qf4+ 34. Kc2 Kf7 35. d4 cxd4 36. cxd4 Ke6 37. Qe2+ Kd6 38. Kd3 Qg3+ 39. Ke4 Ke6 40. d5+ Kd6 41. Kf5 Kc5 42. Kg6 Qf4 43. Kxg7 Kb4 44. Qe7+ Kxa4 45. g5 Kb3 46. gxh6 Qg4+ 47. Kf6 Qxh5 48. Qg7 Qh4+ 49. Ke6 Qh3+ 50. Ke7 Kxc4 51. h7 Kxd5 52. Qg8+ Kc5 53. Qc8 Qe3+ 54. Qe6 Qg5+ 55. Qf6 1-0

[Event "ChessOrg Schachfestival 2025"]
[White "Schnelzer, Reinhold"]
[Black "Lechner, Otto"]
[Site "Bad Woerishofen Senioren-Open"]
[Round "1.6"]
[Annotator "wempe"]
[Result "0-1"]
[Date "2025.03.21"]
[WhiteElo "2178"]
[BlackElo "1892"]
[PlyCount "60"]
[GameId "2170659182215200"]
[EventDate "2025.03.21"]

1. d4 Nf6 2. c4 c5 3. d5 b5 4. cxb5 a6 5. bxa6 Bxa6 6. Nc3 g6 7. Nf3 d6 8. e4 Bxf1 9. Kxf1 Nbd7 10. g3 Bg7 11. Kg2 O-O 12. Re1 Ng4 13. Re2 Qb6 14. Qc2 Rfb8 15. a4 Qb4 16. Ra3 Nge5 17. Nd2 c4 18. Na2 Qc5 19. f4 Nd3 20. b3 cxb3 21. Qxd3 bxa2 22. Nb3 Rxb3 23. Qxb3 Qxa3 24. Qxa3 a1=Q 25. Qxa1 Bxa1 26. Ra2 Bd4 27. a5 Nc5 28. Ra3 Na6 29. Kf3 Bc5 30. Ra4 Rb8 0-1

[Event "ChessOrg Schachfestival 2025"]
[White "Kastner, Reinhard"]
[Black "Kindtner, Ulrich"]
[Site "Bad Woerishofen Senioren-Open"]
[Round "1.7"]
[Annotator "wempe"]
[Result "0-1"]
[Date "2025.03.21"]
[WhiteElo "1890"]
[BlackElo "2157"]
[PlyCount "88"]
[GameId "2170659219312703"]
[EventDate "2025.03.21"]

1. e4 c5 2. d4 cxd4 3. c3 g6 4. Bc4 Bg7 5. Nf3 Nf6 6. e5 Ng8 7. cxd4 d5 8. exd6 Qxd6 9. Nc3 Nf6 10. O-O O-O 11. Be3 a6 12. a4 Nc6 13. Qd2 Bg4 14. Be2 Rad8 15. Rad1 Qb4 16. h3 Bxf3 17. Bxf3 e5 18. d5 Rfe8 19. g3 Nd4 20. Bxd4 exd4 21. Qxd4 Qxb2 22. Qd3 Nd7 23. Ne4 Ne5 24. Qe2 Qa3 25. Bg2 Qxa4 26. f4 Nc4 27. Qf3 Qd7 28. Rfe1 b5 29. Kh2 Nd6 30. Nc5 Qa7 31. Ne4 Nxe4 32. Rxe4 Qd7 33. Rde1 Rxe4 34. Rxe4 Bf8 35. Re5 Bd6 36. Re2 b4 37. Ra2 Qb7 38. Bf1 b3 39. Rb2 Rb8 40. Bc4 Qb4 41. Qe2 Qc3 42. Bxa6 Ba3 43. Rb1 b2 44. Bd3 Qd4 0-1

[Event "ChessOrg Schachfestival 2025"]
[White "Luciani, Carlo"]
[Black "Schmitt, Karl"]
[Site "Bad Woerishofen Senioren-Open"]
[Round "1.8"]
[Annotator "wempe"]
[Result "1-0"]
[Date "2025.03.21"]
[WhiteElo "2149"]
[BlackElo "1889"]
[PlyCount "51"]
[GameId "2170660076978297"]
[EventDate "2025.03.21"]

1. e4 d6 2. d4 g6 3. Nc3 Bg7 4. Be3 e6 5. f3 Nd7 6. Qd2 b5 7. a4 b4 8. Nd1 a5 9. Bb5 Bb7 10. Ne2 c6 11. Bd3 Ngf6 12. c3 c5 13. cxb4 cxb4 14. b3 Rc8 15. O-O O-O 16. Nb2 Nb6 17. Rac1 Rxc1 18. Rxc1 Nfd7 19. Ng3 Qb8 20. h4 h5 21. f4 e5 22. dxe5 dxe5 23. f5 Re8 24. Nc4 Ba6 25. Nxb6 Nxb6 26. Bxa6 1-0

[Event "ChessOrg Schachfestival 2025"]
[White "Mayr, Guenter"]
[Black "Heck, Norbert"]
[Site "Bad Woerishofen Senioren-Open"]
[Round "1.9"]
[Annotator "wempe"]
[Result "1/2-1/2"]
[Date "2025.03.21"]
[WhiteElo "1888"]
[BlackElo "2146"]
[PlyCount "120"]
[GameId "2170662288519341"]
[EventDate "2025.03.21"]

1. e4 g6 2. Nf3 Bg7 3. d4 d6 4. h3 Nf6 5. Bd3 O-O 6. O-O c5 7. c3 Nc6 8. Be3 cxd4 9. Nxd4 Bd7 10. Nd2 a6 11. a4 Qc7 12. f4 e5 13. fxe5 dxe5 14. Nxc6 Bxc6 15. Qc2 Nh5 16. Rf2 Nf4 17. Bf1 b5 18. a5 Rac8 19. Bb6 Qb7 20. Re1 Bd7 21. Nb3 Ne6 22. Rd2 Bh6 23. Rdd1 Rc6 24. Be2 Rxb6 25. axb6 Qxb6+ 26. Kh1 Bc6 27. Bg4 Nf4 28. Rd6 f5 29. Bxf5 gxf5 30. Rxh6 Bxe4 31. Rxb6 Bxc2 32. Nc5 e4 33. Ne6 Nxe6 34. Rxe6 a5 35. Re5 Bd3 36. b3 Kg7 37. Re7+ Kg6 38. Ra7 Rc8 39. Rc1 Kg5 40. g3 f4 41. Kg2 fxg3 42. Kxg3 h5 43. h4+ Kf5 44. Rxa5 Rg8+ 45. Kf2 Kf4 46. Rh1 e3+ 47. Ke1 Rg2 48. Ra1 Rc2 49. c4 bxc4 50. bxc4 Bxc4 51. Rh3 Re2+ 52. Kd1 Kg4 53. Rh1 Rd2+ 54. Ke1 Bd5 55. Ra4+ Kg3 56. Rg1+ Kh2 57. Rg5 Bf3 58. Ra1 Bg4 59. Re5 Rd3 60. Kf1 Kg3 1/2-1/2

[Event "ChessOrg Schachfestival 2025"]
[White "(), Roman"]
[Black "Bogumil-Schott, Edgar"]
[Site "Bad Woerishofen Senioren-Open"]
[Round "1.10"]
[Annotator "wempe"]
[Result "1/2-1/2"]
[Date "2025.03.21"]
[WhiteElo "2132"]
[BlackElo "1887"]
[PlyCount "74"]
[GameId "2170661603528852"]
[EventDate "2025.03.21"]

1. Nf3 d5 2. g3 Nc6 3. d4 Bg4 4. Bg2 Qd7 5. h3 Bxf3 6. Bxf3 h5 7. Nc3 e6 8. O-O O-O-O 9. a3 Kb8 10. Bg2 h4 11. g4 f5 12. gxf5 Nf6 13. fxe6 Qxe6 14. Qd3 Qf7 15. b4 Nh5 16. b5 Ne7 17. Qf3 Qg6 18. e4 dxe4 19. Qxe4 Qxe4 20. Nxe4 Nf6 21. Ng5 Rxd4 22. Bb2 Rd7 23. Rad1 Rh5 24. Bxf6 Rxd1 25. Rxd1 gxf6 26. Rd8+ Nc8 27. Ne4 Be7 28. Re8 Rxb5 29. Nc3 Re5 30. Rh8 f5 31. Nd5 Re1+ 32. Bf1 Bxa3 33. Rxh4 c6 34. Ne3 Ne7 35. Kg2 Bc5 36. Rh8+ Kc7 37. Rh7 Kd8 1/2-1/2

[Event "ChessOrg Schachfestival 2025"]
[White "Hoehfeld, Markus"]
[Black "Schatz, Christian"]
[Site "Bad Woerishofen Senioren-Open"]
[Round "1.11"]
[Annotator "wempe"]
[Result "1/2-1/2"]
[Date "2025.03.21"]
[WhiteElo "1886"]
[BlackElo "2126"]
[PlyCount "38"]
[GameId "2170663136825544"]
[EventDate "2025.03.21"]

1. d4 Nf6 2. Nf3 g6 3. c4 Bg7 4. Nc3 O-O 5. Bg5 h6 6. Bh4 d6 7. e3 Nbd7 8. Be2 b6 9. Qc2 Bb7 10. O-O e5 11. Rad1 e4 12. Nd2 g5 13. Bg3 Qe7 14. d5 Rfe8 15. Nb5 Nf8 16. Nd4 Bc8 17. Nc6 Qd7 18. f3 exf3 19. Rxf3 Ng4 1/2-1/2

[Event "ChessOrg Schachfestival 2025"]
[White "Babrikowski, Peter"]
[Black "Kebbedies, Frank"]
[Site "Bad Woerishofen Senioren-Open"]
[Round "1.12"]
[Annotator "wempe"]
[Result "1-0"]
[Date "2025.03.21"]
[WhiteElo "2123"]
[BlackElo "1882"]
[PlyCount "97"]
[GameId "2170835415355424"]
[EventDate "2025.03.21"]

1. e4 e5 2. Nc3 Nf6 3. d4 d6 4. dxe5 dxe5 5. Qxd8+ Kxd8 6. Bg5 Be6 7. Nf3 Nbd7 8. O-O-O Bd6 9. Bb5 Kc8 10. Bxf6 gxf6 11. Bxd7+ Kxd7 12. Nd5 f5 13. exf5 Bxd5 14. Rxd5 f6 15. Rhd1 Rhg8 16. g3 Rae8 17. Nd2 Rg5 18. Ne4 Rxf5 19. Nxd6 cxd6 20. Rxd6+ Kc8 21. R1d2 Re7 22. b3 Kc7 23. R6d5 Rf3 24. Rc5+ Kb6 25. Rc8 Rc7 26. Re8 a6 27. Kb2 Ka7 28. a4 b6 29. Re6 Rb7 30. Red6 Rc7 31. R6d3 Rf5 32. Rc3 Kb7 33. Rxc7+ Kxc7 34. Ka3 Rf3 35. Kb4 Kc6 36. a5 Rf5 37. c4 e4 38. axb6 Kxb6 39. Re2 Re5 40. Kc3 f5 41. f3 Re7 42. fxe4 fxe4 43. Kd4 a5 44. Rxe4 Rd7+ 45. Kc3 Rf7 46. Re6+ Kc5 47. Re5+ Kb6 48. Rh5 Rf3+ 49. Kb2 1-0

[Event "ChessOrg Schachfestival 2025"]
[White "Choong, Liong-On Mark"]
[Black "Babar, Michael"]
[Site "Bad Woerishofen Senioren-Open"]
[Round "1.13"]
[Annotator "wempe"]
[Result "1/2-1/2"]
[Date "2025.03.21"]
[WhiteElo "1881"]
[BlackElo "2114"]
[PlyCount "62"]
[GameId "2170835998900289"]
[EventDate "2025.03.21"]

1. c4 f5 2. Nf3 Nf6 3. Nc3 g6 4. d3 Bg7 5. Bg5 O-O 6. g3 d6 7. Bg2 c6 8. Qd2 Qb6 9. O-O Na6 10. Rab1 e5 11. b4 Qc7 12. Rfc1 Be6 13. a4 Rae8 14. a5 Nb8 15. Be3 a6 16. Ng5 Bc8 17. Na4 h6 18. Nf3 Kh7 19. b5 c5 20. Nb6 Be6 21. Ne1 Ng4 22. Nc2 Qf7 23. Nd5 axb5 24. Rxb5 Nc6 25. Re1 Bc8 26. Rb6 Nxe3 27. Ndxe3 f4 28. Nd1 fxg3 29. hxg3 Nd4 30. Rxd6 e4 31. dxe4 Bg4 1/2-1/2

[Event "ChessOrg Schachfestival 2025"]
[White "Daeubler, Heinrich"]
[Black "Abrahamsson, Roaul"]
[Site "Bad Woerishofen Senioren-Open"]
[Round "1.14"]
[Annotator "wempe"]
[Result "1-0"]
[Date "2025.03.21"]
[WhiteElo "2114"]
[BlackElo "1879"]
[PlyCount "64"]
[GameId "2170836859789399"]
[EventDate "2025.03.21"]

1. g3 Nf6 2. Bg2 g6 3. Nf3 Bg7 4. O-O O-O 5. d4 d6 6. c4 c6 7. Nc3 Nbd7 8. b3 Re8 9. Bb2 Rb8 10. Re1 b5 11. Nd2 b4 12. Nce4 Nxe4 13. Nxe4 c5 14. Qd2 cxd4 15. Bxd4 Bxd4 16. Qxd4 Qb6 17. Qd2 Bb7 18. Ng5 Bxg2 19. Kxg2 Nc5 20. Qd5 Qb7 21. e4 Qxd5 22. exd5 e5 23. dxe6 fxe6 24. Rad1 Rbd8 25. Re2 h6 26. Ne4 Nxe4 27. Rxe4 Kf7 28. Rd3 g5 29. h4 Kf6 30. Rf3+ Kg6 31. h5+ Kg7 32. Rd3 e5 1-0

[Event "ChessOrg Schachfestival 2025"]
[White "James, Kevin"]
[Black "Geyer, Bernhard"]
[Site "Bad Woerishofen Senioren-Open"]
[Round "1.15"]
[Annotator "wempe"]
[Result "0-1"]
[Date "2025.03.21"]
[WhiteElo "1879"]
[BlackElo "2112"]
[PlyCount "86"]
[GameId "2170837960601700"]
[EventDate "2025.03.21"]

1. d4 Nf6 2. c4 d6 3. Nc3 Nbd7 4. e4 e5 5. Nf3 c6 6. Be2 Be7 7. O-O O-O 8. Re1 Qc7 9. Rb1 Re8 10. b4 Bf8 11. d5 g6 12. h4 Bg7 13. Bg5 h6 14. Bd2 Kh7 15. Nh2 Rf8 16. g4 Ng8 17. Kg2 Ndf6 18. g5 Ne8 19. Rh1 f5 20. h5 gxh5 21. Bxh5 f4 22. Nf3 Qe7 23. b5 c5 24. Qg1 Bd7 25. Qh2 b6 26. Rbg1 a6 27. Qh4 Nc7 28. Kf1 axb5 29. Bg6+ Kh8 30. Qh5 b4 31. Ne2 Rxa2 32. Rh2 b5 33. Rgh1 bxc4 34. Nxf4 Rxd2 35. Bf5 Bxf5 36. exf5 Qe8 37. Ng6+ Kh7 38. Nxf8+ Bxf8 39. Qg4 Nxd5 40. f6 Rd1+ 41. Kg2 Rxh1 42. Rxh1 Qg6 43. Qd7+ Kh8 0-1

[Event "ChessOrg Schachfestival 2025"]
[White "Rubke, Manfred"]
[Black "Willer, Walter"]
[Site "Bad Woerishofen Senioren-Open"]
[Round "1.16"]
[Annotator "wempe"]
[Result "1/2-1/2"]
[Date "2025.03.21"]
[WhiteElo "2097"]
[BlackElo "1876"]
[PlyCount "119"]
[GameId "2170983697952800"]
[EventDate "2025.03.21"]

1. c4 e6 2. Nf3 Nf6 3. g3 c6 4. Bg2 d5 5. b3 Qb6 6. e3 Bd6 7. O-O Nbd7 8. d4 Qc7 9. Bb2 Ne4 10. Nc3 Ndf6 11. c5 Be7 12. Nd2 Nxd2 13. Qxd2 Nd7 14. e4 Nf8 15. b4 Ng6 16. f4 f5 17. exf5 exf5 18. Rfe1 O-O 19. Re2 Bf6 20. a4 Qf7 21. Nd1 Bd7 22. Nf2 Rfe8 23. Rae1 Rxe2 24. Rxe2 Re8 25. Nd3 Rxe2 26. Qxe2 Qe6 27. Qf2 Nf8 28. h4 h5 29. Bf3 g6 30. Ne5 Bxe5 31. fxe5 Qf7 32. Bc1 Ne6 33. Be3 Kh7 34. Qd2 a6 35. b5 axb5 36. axb5 Be8 37. b6 Qe7 38. Be2 Qf7 39. Bg5 Bd7 40. Bf6 Bc8 41. Kf2 Nf8 42. Qa5 Qd7 43. Qd2 Ne6 44. Qd1 Qf7 45. Ke3 Qe8 46. Qa4 Qf8 47. Bg5 f4+ 48. gxf4 Qf5 49. Bf3 Qh3 50. Qd1 Ng7 51. Kf2 Qh2+ 52. Bg2 Bh3 53. Qh1 Qxg2+ 54. Qxg2 Bxg2 55. Kxg2 Ne6 56. f5 gxf5 57. Be3 Kg6 58. Kf3 f4 59. Bf2 Kf5 60. Bg1 1/2-1/2

[Event "ChessOrg Schachfestival 2025"]
[White "Von Borstel, Michael"]
[Black "Rauch, Uwe"]
[Site "Bad Woerishofen Senioren-Open"]
[Round "1.17"]
[Annotator "wempe"]
[Result "1-0"]
[Date "2025.03.21"]
[WhiteElo "1874"]
[BlackElo "2091"]
[PlyCount "78"]
[GameId "2170985078091858"]
[EventDate "2025.03.21"]

1. c4 Nf6 2. d4 g6 3. Nc3 Bg7 4. e4 d6 5. Nf3 O-O 6. Be2 b6 7. O-O Bb7 8. Qc2 c5 9. d5 Nbd7 10. h3 a6 11. Be3 Re8 12. Rac1 Qc7 13. Qd2 Rad8 14. Bh6 Bh8 15. Ng5 Nf8 16. f4 e6 17. e5 dxe5 18. fxe5 Qxe5 19. Bf3 exd5 20. cxd5 Bg7 21. Bxg7 Kxg7 22. Rcd1 h6 23. d6 Bxf3 24. Nxf3 Qg3 25. Rfe1 Re6 26. Rxe6 Nxe6 27. Ne2 Ne4 28. Nxg3 Nxd2 29. Rxd2 f5 30. Ne2 g5 31. d7 Nf8 32. Rd6 Rxd7 33. Rxb6 g4 34. hxg4 fxg4 35. Nh4 Rd2 36. Nc3 Kf7 37. Kh2 Nd7 38. Rxh6 Rxb2 39. Rxa6 Rd2 1-0

[Event "ChessOrg Schachfestival 2025"]
[Site "Bad Woerishofen Senioren-Open"]
[Date "2025.03.21"]
[Round "1.18"]
[White "Chan, Peng Kong"]
[Black "Horther-Schneider, Elsbeth"]
[Result "1-0"]
[Annotator "wempe"]
[WhiteElo "2082"]
[BlackElo "1863"]
[PlyCount "54"]
[GameId "2204911353323568"]
[EventDate "2025.03.21"]

1. c4 e5 2. g3 f5 3. Nc3 Nf6 4. Nf3 d6 5. d4 e4 6. Nh4 Be7 7. Bg5 c6 8. e3 O-O 9. Qb3 Qb6 10. Qc2 Na6 11. a3 Bd7 12. Bh3 g6 13. O-O Qd8 14. f3 exf3 15. Nxf3 Nc7 16. Rac1 Ne6 17. Bh6 Rf7 18. c5 Qc7 19. Qb3 Ng4 20. Bf4 Nxf4 21. exf4 Kg7 22. cxd6 Bxd6 23. Ng5 Rf6 24. Bxg4 fxg4 25. Nce4 Rf5 26. Nc5 Bxc5 27. dxc5 Be8 1-0

[Event "ChessOrg Schachfestival 2025"]
[Site "Bad Woerishofen Senioren-Open"]
[Date "2025.03.21"]
[Round "1.19"]
[White "Laustsen, Karl-Johan"]
[Black "Tscharotschkin, Michael"]
[Result "0-1"]
[Annotator "wempe"]
[WhiteElo "1862"]
[BlackElo "2080"]
[PlyCount "52"]
[GameId "2204911409979471"]
[EventDate "2025.03.21"]

1. d4 d5 2. Bf4 Nf6 3. e3 c5 4. c3 Nc6 5. Bd3 Qb6 6. Qc1 c4 7. Bc2 g6 8. Nf3 Bg7 9. Nbd2 Nh5 10. O-O O-O 11. Rb1 Nxf4 12. exf4 Qc7 13. g3 f6 14. Kg2 e5 15. fxe5 fxe5 16. Nxe5 Nxe5 17. dxe5 Qxe5 18. Qd1 Qe6 19. Kg1 Qh3 20. Qe2 Bg4 21. f3 Rae8 22. Qf2 Bh6 23. Qg2 Qxg2+ 24. Kxg2 Re2+ 25. Rf2 Bh3+ 26. Kg1 Be3 0-1

[Event "ChessOrg Schachfestival 2025"]
[Site "Bad Woerishofen Senioren-Open"]
[Date "2025.03.21"]
[Round "1.20"]
[White "Kierzek, Matthias"]
[Black "Babenko, Alexej"]
[Result "1-0"]
[Annotator "wempe"]
[WhiteElo "2078"]
[BlackElo "1857"]
[PlyCount "75"]
[GameId "2232448362459885"]
[EventDate "2025.03.21"]

1. d4 d5 2. c4 c6 3. Nf3 Nf6 4. Nc3 e6 5. Bg5 Bb4 6. e3 O-O 7. Qc2 h6 8. Bh4 Nbd7 9. Bd3 dxc4 10. Bxc4 Be7 11. O-O Nh5 12. Bxe7 Qxe7 13. Ne5 Nxe5 14. dxe5 g6 15. Ne4 Bd7 16. g4 Ng7 17. Nf6+ Kh8 18. Qe4 Rad8 19. Qf4 g5 20. Qe4 Nf5 21. Qc2 Qc5 22. gxf5 Qxe5 23. Nxd7 Rxd7 24. fxe6 fxe6 25. Qg6 Qf6 26. Qxf6+ Rxf6 27. Rad1 Re7 28. Rd8+ Kg7 29. Rfd1 Rff7 30. Kg2 b5 31. Be2 Rb7 32. R1d6 c5 33. Rxe6 c4 34. Rdd6 Rbd7 35. Rxh6 Rxd6 36. Rxd6 Re7 37. a4 Rb7 38. axb5 1-0

[Event "ChessOrg Schachfestival 2025"]
[Site "Bad Woerishofen Senioren-Open"]
[Date "2025.03.21"]
[Round "1.21"]
[White "Tozaki, Halil"]
[Black "Siebenhaar, Erich"]
[Result "0-1"]
[Annotator "wempe"]
[WhiteElo "1857"]
[BlackElo "2076"]
[PlyCount "38"]
[GameId "2232448400655116"]
[EventDate "2025.03.21"]

1. d4 e6 2. Nf3 b6 3. c4 Bb7 4. Nc3 f5 5. g3 Nf6 6. Bg2 g6 7. O-O Bg7 8. Bf4 O-O 9. Rc1 d6 10. Ng5 Qe7 11. e4 h6 12. Nh3 fxe4 13. Rc2 g5 14. Bc1 d5 15. cxd5 exd5 16. Re2 Qd7 17. f3 exf3 18. Rxf3 g4 19. Rfe3 gxh3 0-1

[Event "ChessOrg Schachfestival 2025"]
[Site "Bad Woerishofen Senioren-Open"]
[Date "2025.03.21"]
[Round "1.22"]
[White "Inhoven, Stefan"]
[Black "Kirchner, Ulrich"]
[Result "1-0"]
[Annotator "wempe"]
[WhiteElo "2072"]
[BlackElo "1856"]
[PlyCount "100"]
[GameId "2232449591161622"]
[EventDate "2025.03.21"]

1. e4 c5 2. Nc3 d6 3. d4 cxd4 4. Qxd4 Nc6 5. Qd2 Nf6 6. b3 e6 7. Bb2 Be7 8. O-O-O O-O 9. f3 a6 10. Kb1 b5 11. Qf2 Bb7 12. g4 Qc7 13. Nge2 Rfd8 14. Ng3 Ne5 15. g5 Ne8 16. f4 Ng6 17. h4 d5 18. f5 Bc5 19. Qe1 Nf4 20. fxe6 fxe6 21. exd5 exd5 22. Nce2 Nxe2 23. Bxe2 d4 24. Rf1 Nd6 25. Bd3 Re8 26. Qf2 Ne4 27. Nxe4 Bxe4 28. Bxd4 Bxd3 29. Rxd3 Bxd4 30. Rxd4 Rac8 31. Rfd1 Rf8 32. Qg2 Qc5 33. R1d2 Qf5 34. Qb7 Qe6 35. Qh1 Qf5 36. Kb2 Qe5 37. Qd5+ Qxd5 38. Rxd5 Rf4 39. R5d4 Rf3 40. a4 Rcf8 41. axb5 axb5 42. Ka3 R3f4 43. Kb4 R8f5 44. Rxf4 Rxf4+ 45. Kxb5 Rxh4 46. c4 Rg4 47. Rd5 Kf7 48. b4 Kg6 49. c5 Rxg5 50. Rxg5+ Kxg5 1-0

[Event "ChessOrg Schachfestival 2025"]
[Site "Bad Woerishofen Senioren-Open"]
[Date "2025.03.21"]
[Round "1.24"]
[White "Mueller, Erich"]
[Black "Wunderlich, Frank"]
[Result "1-0"]
[Annotator "wempe"]
[WhiteElo "2063"]
[BlackElo "1852"]
[PlyCount "91"]
[GameId "2232450580386602"]
[EventDate "2025.03.21"]

1. f4 g6 2. e4 Bg7 3. d4 d6 4. Nf3 Nf6 5. Bd3 c5 6. c3 O-O 7. O-O a6 8. a4 Nbd7 9. Kh1 Qc7 10. Be3 e5 11. fxe5 dxe5 12. Nbd2 Ng4 13. Bg1 exd4 14. cxd4 cxd4 15. Rc1 Qb8 16. Qe2 Nde5 17. h3 Nxd3 18. Qxd3 Ne3 19. Bh2 Qa7 20. Rfe1 f5 21. Qb3+ Kh8 22. Ne5 b5 23. Rc7 Qxc7 24. Nxg6+ hxg6 25. Bxc7 Bb7 26. Bf4 fxe4 27. Bxe3 dxe3 28. Qxe3 Rad8 29. axb5 axb5 30. Nf1 Kh7 31. Qg3 Rd3 32. Qc7 Bd5 33. Ne3 Rf7 34. Qc5 Bb7 35. Qxb5 Bh6 36. Qb6 Bg7 37. Qe6 Rfd7 38. Ng4 R7d6 39. Qe7 Bc6 40. Qh4+ Kg8 41. Nh6+ Kf8 42. Qf4+ Bf6 43. Ng4 g5 44. Qf5 Kg7 45. Nxf6 Rxf6 46. Qxg5+ 1-0

[Event "ChessOrg Schachfestival 2025"]
[Site "Bad Woerishofen Senioren-Open"]
[Date "2025.03.21"]
[Round "1.25"]
[White "Teubner, Wolfgang"]
[Black "Ramseier, Juerg"]
[Result "0-1"]
[Annotator "wempe"]
[WhiteElo "1851"]
[BlackElo "2063"]
[PlyCount "64"]
[GameId "2232471930082122"]
[EventDate "2025.03.21"]

1. d4 g6 2. Nf3 Bg7 3. Bf4 d6 4. e3 Nd7 5. Nbd2 e5 6. Bg5 Ne7 7. Bxe7 Qxe7 8. dxe5 dxe5 9. e4 Nb6 10. Bb5+ c6 11. Bd3 O-O 12. O-O Be6 13. b3 Rad8 14. Qe2 f5 15. a3 h6 16. Rad1 f4 17. Nc4 Nd7 18. b4 g5 19. Na5 g4 20. Ne1 f3 21. gxf3 gxf3 22. Nxf3 Bg4 23. Bc4+ Kh8 24. Nxe5 Nxe5 25. f3 Rxd1 26. Qxd1 Bxf3 27. Qe1 b6 28. Nxc6 Qg5+ 29. Qg3 Nxc6 30. Qxg5 Bd4+ 31. Rf2 Bxf2+ 32. Kxf2 hxg5 0-1

[Event "ChessOrg Schachfestival 2025"]
[Site "Bad Woerishofen Senioren-Open"]
[Date "2025.03.21"]
[Round "1.26"]
[White "Biegel, Thomas"]
[Black "Loibl, Johann"]
[Result "1/2-1/2"]
[Annotator "wempe"]
[WhiteElo "2062"]
[BlackElo "1848"]
[PlyCount "52"]
[GameId "2232472383402836"]
[EventDate "2025.03.21"]

1. d4 Nf6 2. c4 e5 3. dxe5 Ng4 4. Bf4 Nc6 5. Nf3 Bb4+ 6. Nc3 Bxc3+ 7. bxc3 Qe7 8. Qd5 f6 9. exf6 Nxf6 10. Qd3 d6 11. Nd4 Ne5 12. Bxe5 Qxe5 13. g3 Ne4 14. Bg2 Nc5 15. Qd2 O-O 16. O-O Bg4 17. f3 Bh5 18. Nb5 Qe7 19. e4 Bf7 20. Qe2 Na4 21. Rfc1 Nb6 22. Na3 d5 23. Nb5 Nxc4 24. Re1 dxe4 25. Qxe4 Qc5+ 26. Nd4 Nd6 1/2-1/2

[Event "ChessOrg Schachfestival 2025"]
[Site "Bad Woerishofen Senioren-Open"]
[Date "2025.03.21"]
[Round "1.27"]
[White "Wagner, Werner"]
[Black "Neumann, Joachim"]
[Result "1/2-1/2"]
[Annotator "wempe"]
[WhiteElo "1848"]
[BlackElo "2052"]
[PlyCount "33"]
[GameId "2232472935736170"]
[EventDate "2025.03.21"]

1. d4 Nf6 2. Nc3 d5 3. Bf4 e6 4. e3 Bd6 5. Bd3 Bxf4 6. exf4 c5 7. dxc5 Qc7 8. Qd2 Qxc5 9. Nf3 Bd7 10. Ne5 a6 11. O-O O-O 12. Rae1 Bb5 13. Nxb5 axb5 14. a3 Nc6 15. Re3 Ra4 16. Rg3 g6 17. c3 1/2-1/2